La imposición fiscal en los países en desarrollo / (Registro nro. 7577)

Detalles MARC
000 -LEADER
fixed length control field 01465nam a2200277Ia 4500
003 - CONTROL NUMBER IDENTIFIER
control field OSt
005 - DATE AND TIME OF LATEST TRANSACTION
control field 20210413140016.0
008 - FIXED-LENGTH DATA ELEMENTS--GENERAL INFORMATION
fixed length control field 210310t1968 mx gr 000 0 spa d
040 ## - CATALOGING SOURCE
Original cataloging agency CO-JMCR
Transcribing agency CO-JMCR
041 1# - LANGUAGE CODE
Language code of text/sound track or separate title spa
Language code of original eng
082 04 - DEWEY DECIMAL CLASSIFICATION NUMBER
Classification number 336.2 /
Item number B618i
Edition number 23
100 1# - MAIN ENTRY--PERSONAL NAME
Personal name Bird, Richard Miller,
9 (RLIN) 14834
Relator term compilador
245 13 - TITLE STATEMENT
Title La imposición fiscal en los países en desarrollo /
Statement of responsibility, etc. compiladores, Richard M. Bird, Oliver Oldman ; traducción de la edición revisada, en inglés, por Jose Meza Nieto
250 ## - EDITION STATEMENT
Edition statement Primera edición
260 ## - PUBLICATION, DISTRIBUTION, ETC.
Place of publication, distribution, etc. México :
Name of publisher, distributor, etc. Unión Tipográfica Editorial Hispano Americana,
Date of publication, distribution, etc. 1968
300 ## - PHYSICAL DESCRIPTION
Other physical details ix, 588 páginas ;
Dimensions 23 cm.
500 ## - GENERAL NOTE
General note Incluye datos a pie de página.<br/>Título original: Readings on taxation in developing countries
504 ## - BIBLIOGRAPHY, ETC. NOTE
Bibliography, etc. note Bibliografía : páginas 579-588
505 0# - FORMATTED CONTENTS NOTE
Formatted contents note Política fiscal y desenvolvimiento económico -- Sistemas fiscales comparativos -- Impuestos sobre la renta -- Impuestos directos sobre los desembolsos y la riqueza neta -- Impuestos sobre ventas y consumos -- Impuestos sobre el comercio exterior -- Impuestos sobre fianzas locales y propiedad raíz -- Administración de impuestos y ayuda técnica
546 ## - LANGUAGE NOTE
Language note Traducido del inglés.
650 14 - SUBJECT ADDED ENTRY--TOPICAL TERM
Topical term or geographic name entry element Política fiscal
9 (RLIN) 14836
Geographic subdivision Países en desarrollo
650 24 - SUBJECT ADDED ENTRY--TOPICAL TERM
Topical term or geographic name entry element Impuestos
Geographic subdivision Países en desarrollo
9 (RLIN) 36773
700 1# - ADDED ENTRY--PERSONAL NAME
Personal name Oldman, Oliver,
Relator term compilador
9 (RLIN) 36774
700 1# - ADDED ENTRY--PERSONAL NAME
Personal name Meza Nieto, Jose,
Relator term traductor
9 (RLIN) 36775
942 ## - ADDED ENTRY ELEMENTS (KOHA)
Source of classification or shelving scheme Dewey Decimal Classification
Koha item type Books
Existencias
Withdrawn status Lost status Source of classification or shelving scheme Damaged status Not for loan Collection code Home library Current library Date acquired Coded location qualifier Full call number Barcode Date last seen Copy number Koha item type
    Dewey Decimal Classification     Fiction Biblioteca Pública José María del Castillo y Rada Biblioteca Pública José María del Castillo y Rada 04/15/2018 Donación 336.2 / B618i 430004555 05/16/2024 Ej.1 Books